Score 0/20 Timer 05:00
0 Plays Today
Question Answer Wrong Answers
Clark Kent Lex Luthor
96.1%
Lana Lang
0.5%
Jimmy Olson
0.7%
Kara
0.3%
Roadrunner Wile E Coyote
94.5%
Yosemite Sam
1.6%
Yogi Bear
0.4%
Sylvester
1%
Sherlock Holmes Professor Moriarty
92.8%
John Watson
2.4%
Molly Hooper
1%
Mrs. Hudson
1.2%
Bugs Bunny Elmer Fudd
92.2%
Tom and Jerry
0.2%
Porky Pig
2.9%
Pepe Le Pew
2.3%
He-Man Skeletor
90.4%
Teela
1.4%
Zodac
2.8%
Ram Man
2.6%
Optimus Prime Megatron
89.8%
Starscream
3%
Unicron
2.2%
Blitzwing
2%
Jerry Seinfeld Newman
81.3%
Kramer
11.2%
Elaine
1.5%
George
3.1%
Jon Snow The Night King
75.1%
Samwell Tarly
10.3%
Ygritte
7.3%
Gilly
4%
Bruce Wayne Professor William McElroy
75%
Dick Grayson
10.7%
Barbara Gordon
4.8%
Alfred Pennyworth
7%
Fox Mulder Cigarette Smoking Man
74%
Dana Scully
7.1%
John Doggett
12.8%
Monica Reyes
3.1%
Eleven Demogorgon
68.2%
Chief Hopper
12.8%
Steve Harrington
9.2%
Bob Newby
6.3%
Matt Murdock Wilson 'Kingpin' Fisk
67.8%
Karen Page
6.5%
Foggy Nelson
13.4%
Claire Temple
8.5%
Walter White Gus Fring
64.6%
Saul Goodman
17.6%
Jesse Pinkman
10.9%
Holly White
3.6%
Peter Griffin The Chicken
64.6%
Glenn Quagmire
18.7%
Tom Tucker
7.6%
Cleveland Brown
6%
Mr. Krabs Plankton
64%
Sandy Cheeks
8.4%
Patrick Star
18%
Gary
6.7%
Will Graham Dr. Hannibal Lecter
61.6%
Jack Crawford
17.9%
Alana Bloom
7.7%
Beverly Katz
9.1%
Darrin Stephens Endora
59.2%
Larry Tate
14.3%
Samantha
8.3%
Abner Kravitz
14.8%
Jessica Jones Kilgrave
56.4%
Trish Walker
12.9%
Jeri Hogarth
8.2%
Luke Cage
18.7%
Rick Grimes Negan
54.7%
Daryl Dixon
21.9%
Michonne
8.2%
Glenn Rhee
11.5%
MacGyver Murdoc
45%
Pete Thornton
13.4%
Jack Dalton
21.3%
Wilt Bozer
16.7%
Remove Ads.
Support Sporcle.
Get the best of Sporcle when you Go Orange. This ad-free experience offers more features, more stats, and more fun while also helping to support Sporcle. Thank you for becoming a member.

You're not logged in!

Compare scores with friends on all Sporcle quizzes.
OR
Log In

Show Comments

Extras

Top Quizzes Today


Score Distribution

Your Account Isn't Verified!

In order to create a playlist on Sporcle, you need to verify the email address you used during registration. Go to your Sporcle Settings to finish the process.

Report this User

Report this user for behavior that violates our Community Guidelines.

Details: